Une sécurité libérale ? La politique des retraites aux États-Unis, Daniel Béland, LGDJ, collection « Droit et Société », série sociologie, 2001, Paris, 239 pages (notice n° 1647386)

détails MARC
000 -LEADER
fixed length control field 01978cam a2200169 4500500
005 - DATE AND TIME OF LATEST TRANSACTION
control field 20260208003230.0
041 ## - LANGUAGE CODE
Language code of text/sound track or separate title fre
042 ## - AUTHENTICATION CODE
Authentication code dc
100 10 - MAIN ENTRY--PERSONAL NAME
Personal name Pollet, Gilles
Relator term author
245 00 - TITLE STATEMENT
Title Une sécurité libérale ? La politique des retraites aux États-Unis, Daniel Béland, LGDJ, collection « Droit et Société », série sociologie, 2001, Paris, 239 pages
260 ## - PUBLICATION, DISTRIBUTION, ETC.
Date of publication, distribution, etc. 2003.<br/>
500 ## - GENERAL NOTE
General note 93
520 ## - SUMMARY, ETC.
Summary, etc. RésuméLa politique de santé contemporaine se caractérise, en France comme dans la plupart des pays européens, par une recomposition en réseaux régionalisée du système de santé. Cette orientation s’accompagne nécessairement d’une déconcentration du financement dont la gestion est désormais confiée pour partie à des instances régionales. Cet article propose une analyse compréhensive du Fonds d’aide à la qualité des soins de ville, mobilisé à cette fin à partir de 1999 par les unions régionales des caisses d’assurance maladie. Il s’inscrit dans le contexte de la réalité des réseaux et se réfère, en arrière plan, à la théorie des réseaux et de la coordination, appliquée au système de santé.
520 ## - SUMMARY, ETC.
Summary, etc. Current health policy, in France as in most other European countries, is characterised by regionalisation of the health care system. This implies a financial shift towards regional bodies. This article offers a comprehensive assessement of the Fonds d’aide à la qualité des soins de ville (Support Fund for Out-Patient Care Quality), which was established for this purpose in 1999 by the Regional Unions of the Health Insurance Bodies. The article takes account of the reality of networks, and is based on network and coordination theory applied to the health system.
786 0# - DATA SOURCE ENTRY
Note Revue française des affaires sociales | - | 1 | 2003-03-01 | p. 345a-348a | 0035-2985
856 41 - ELECTRONIC LOCATION AND ACCESS
Uniform Resource Identifier <a href="https://shs.cairn.info/revue-francaise-des-affaires-sociales-2003-1-page-345a?lang=fr&redirect-ssocas=7080">https://shs.cairn.info/revue-francaise-des-affaires-sociales-2003-1-page-345a?lang=fr&redirect-ssocas=7080</a>

Pas d'exemplaire disponible.

PLUDOC

PLUDOC est la plateforme unique et centralisée de gestion des bibliothèques physiques et numériques de Guinée administré par le CEDUST. Elle est la plus grande base de données de ressources documentaires pour les Étudiants, Enseignants chercheurs et Chercheurs de Guinée.

Adresse

627 919 101/664 919 101

25 boulevard du commerce
Kaloum, Conakry, Guinée

Réseaux sociaux

Powered by Netsen Group @ 2025